000 00987nam a2200253 i 4500
001 bg
100 1 _aMichna, Irena.
245 1 0 _aRoślinne zbiorowiska jeziorne Pojezierza Drawskiego i Bytowskiego /
_cIrena Michna.
260 _aPoznań :
_bPoznańskie Towarzystwo Przyjaciół Nauk,
_c1976.
300 _a73, [3] s., [1] k. tabl. ;
_c25 cm.
490 1 _aPrace Komisji Biologicznej / Poznańskie Towarzystwo Przyjaciół Nauk. Wydział Matematyczno-Przyrodniczy ;
_vt. 43
504 _aBibliogr. s. 70-73.
546 _aStreszcz. ang.
650 9 _aJeziora
_xflora
_zPolska
650 9 _aRośliny wodne
_xsocjologia
_zPolska
651 9 _aPomorskie, Pojezierze
_xflora
_xsocjologia
830 0 _aPrace Komisji Archeologicznej - Poznańskie Towarzystwo Przyjaciół Nauk. Wydział Matematyczno-Przyrodniczy,
_x0079-4619 ;
_vt. 43
040 _cBPK
041 0 _apol
_beng
044 _aPOL
080 _a582(438:28)
942 _cKS
008 100820s1976 pl a |000 0 pol
999 _c49622
_d49622
856 _uhttp://koha.tu.koszalin.pl/cgi-bin/koha/opac-detail.pl?biblionumber=49622
_yKatalog online BPK